|
|
|
|
| LEADER |
00741nab a2200205 i 4500 |
| 001 |
acta23746 |
| 005 |
20210601155310.0 |
| 008 |
161017s1970 hu o 0|| eng d |
| 022 |
|
|
|a 0001-6721
|
| 040 |
|
|
|a SZTE Egyetemi Kiadványok Repozitórium
|b hun
|
| 041 |
|
|
|a eng
|
| 100 |
1 |
|
|a Ketskeméty István
|
| 245 |
1 |
0 |
|a Absorption and fluorescence spectra and yield of highly diluted solutions
|h [elektronikus dokumentum] /
|c Ketskeméty István
|
| 260 |
|
|
|c 1970
|
| 300 |
|
|
|a 7-14
|
| 490 |
0 |
|
|a Acta physica et chemica
|v 16 No. 1-2
|
| 695 |
|
|
|a Természettudomány, Fizika, Kémia
|
| 700 |
0 |
1 |
|a Kozma László
|e aut
|
| 700 |
0 |
1 |
|a Farkas E.
|e aut
|
| 856 |
4 |
0 |
|u http://acta.bibl.u-szeged.hu/23746/1/phys_chem_016_fasc_001_002_007-014.pdf
|z Dokumentum-elérés
|